| 000 | 01032 a2200265 4500 | ||
|---|---|---|---|
| 008 | 080820t xxu||||| |||| 00| 0 eng d | ||
| 010 | _aENG-84891 | ||
| 020 |
_a8182201829 _c490.00 |
||
| 035 | _aEN-68424 | ||
| 037 | _bD.B.Act / Pub | ||
| 082 | _a792.62 | ||
| 245 |
_aThe Ramayana in Kathakali dance drama _ctranslated by David Bolland ; edited by N.K. Singh. |
||
| 250 | _a1st ed. | ||
| 260 |
_aNew Delhi : _bGlobal Vision Publishing House, _c2006. |
||
| 270 |
_a20, Ansari Road, Daryaganj _bNew Delhi _cDelhi _e110002 _k32971125 _mglobalvisionpub@eth.net |
||
| 300 |
_aix, 154 p. : _bcol. ill. ; _c24 cm. (Hb) |
||
| 500 | _aIncludes index | ||
| 650 | _aKathakali plays | ||
| 650 | _aRāma (Hindu deity) | ||
| 700 | _aSingh, Nagendra Kr., | ||
| 700 | _aBolland, David, | ||
| 700 | _aVālmīki. | ||
| 942 |
_adpl _cEN _k792.62 / RAM _2ddc _h792.62 _mRAM |
||
| 999 |
_c662 _d662 |
||